000
00285nam a2200097Ia 4500
001
1300824
005
20260420095911.0
008
260420s9999 xx 000 0 und d
245
0
_a
KANATLI KEDİLER MASALI 1 DÖRT YAVRU
_c
URSULA K. LE GUİN
260
_b
GÜNIŞIĞI KİTAPLIĞI YAYINLARI
999
_c
1300824
_d
1300824